[Event "Smuk Skak GM 2025"]
[Site "Skanderborg"]
[Date "2025.08.16"]
[Round "1.1"]
[White "Pajeken, Jakob Leon"]
[Black "Ochsner, Bjorn Moller"]
[Result "1-0"]
[WhiteElo "2443"]
[BlackElo "2476"]
[WhiteFideId "12942839"]
[BlackFideId "1416928"]
[EventDate "2025.08.16"]
[EventType "tourn"]
[EventRounds "9"]
[EventCountry "DEN"]
[SourceTitle "Live v. Skanderborg Skakklub"]

1. e4 c5 2. Nf3 d6 3. d4 cxd4 4. Nxd4 Nf6 5. Nc3 a6 6. Bg5 e6 7. f4 Be7 8. Qf3 Qc7 9. O-O-O Nbd7 10. g4 h6 11. Qh3 Nb6 12. Bh4 g6 13. Qf3 Bd7 14. Bg2 Nc4 15. Rhf1 g5 16. fxg5 Ne5 17. Qg3 Nfxg4 18. g6 fxg6 19. Bxe7 Kxe7 20. Bh3 h5 21. Qh4+ Ke8 22. Bxg4 Nxg4 23. h3 Nh6 24. Qf6 Rg8 25. Nd5 exd5 26. Rde1 Bxh3 27. exd5+ Kd7 28. Re7+ Kc8 29. Rxc7+ Kxc7 30. Qe7+ 1-0

[Event "Smuk Skak GM 2025"]
[Site "Skanderborg"]
[Date "2025.08.16"]
[Round "1.2"]
[White "Olsen, Filip Boe"]
[Black "Medhus, Vitus Bondo"]
[Result "1-0"]
[WhiteElo "2441"]
[BlackElo "2328"]
[WhiteFideId "1440640"]
[BlackFideId "1462547"]
[EventDate "2025.08.16"]
[EventType "tourn"]
[EventRounds "9"]
[EventCountry "DEN"]
[SourceTitle "Live v. Skanderborg Skakklub"]

1. d4 Nf6 2. c4 e6 3. Nf3 d5 4. g3 c6 5. Bg2 Bb4+ 6. Bd2 Be7 7. O-O Nbd7 8. Bc3 dxc4 9. a4 Nd5 10. a5 O-O 11. Nbd2 b5 12. axb6 N7xb6 13. Ne5 Bb7 14. Ndxc4 c5 15. Na5 Nxc3 16. Nxb7 Qxd4 17. bxc3 Qxe5 18. Na5 Rad8 19. Qc2 Bf6 20. Nc6 Qxc3 21. Qxc3 Bxc3 22. Rac1 Bb4 23. Nxd8 Rxd8 24. Rfd1 Rb8 25. Rd6 g6 26. Be4 a5 27. Rc6 a4 28. Bc2 a3 29. Bb3 Nc8 30. Rd1 Na7 31. Ra6 Rb7 32. Bc4 Kg7 33. Kg2 Nc8 34. g4 Nb6 35. Ba2 Rd7 36. Rxd7 Nxd7 37. Ra7 Nf8 38. g5 Kg8 39. h4 Kg7 40. Kf3 Kg8 41. Bc4 h6 42. gxh6 1-0

[Event "Smuk Skak GM 2025"]
[Site "Skanderborg"]
[Date "2025.08.16"]
[Round "1.3"]
[White "Korneev, Oleg"]
[Black "Fromm, Marius"]
[Result "1/2-1/2"]
[WhiteElo "2452"]
[BlackElo "2407"]
[WhiteFideId "4156803"]
[BlackFideId "12993190"]
[EventDate "2025.08.16"]
[EventType "tourn"]
[EventRounds "9"]
[EventCountry "DEN"]
[SourceTitle "Live v. Skanderborg Skakklub"]

1. e4 e6 2. d4 d5 3. Nc3 Nf6 4. e5 Nfd7 5. f4 c5 6. Nf3 Nc6 7. Be3 Be7 8. Qd2 a6 9. Be2 O-O 10. O-O b5 11. Nd1 b4 12. c3 a5 13. Nf2 Ba6 14. Kh1 Bxe2 15. Qxe2 Qb6 16. Nh3 Qa6 17. Qd1 a4 18. a3 bxc3 19. bxc3 cxd4 20. cxd4 Nb6 21. f5 exf5 22. Bg5 h6 23. Bxe7 Nxe7 24. Nf4 Nc4 25. Re1 Rab8 26. e6 Qd6 27. exf7+ Rxf7 28. Ne5 Nxe5 29. dxe5 Qa6 30. e6 Rff8 31. Nxd5 1/2-1/2

[Event "Smuk Skak GM 2025"]
[Site "Skanderborg"]
[Date "2025.08.16"]
[Round "1.4"]
[White "Kistrup, Nicolai"]
[Black "Baklan, Vladimir"]
[Result "1/2-1/2"]
[WhiteElo "2365"]
[BlackElo "2554"]
[WhiteFideId "1444816"]
[BlackFideId "14102196"]
[EventDate "2025.08.16"]
[EventType "tourn"]
[EventRounds "9"]
[EventCountry "DEN"]
[SourceTitle "Live v. Skanderborg Skakklub"]

1. e4 c5 2. Nf3 Nc6 3. Bb5 g6 4. O-O Bg7 5. Re1 Nd4 6. Nxd4 cxd4 7. c3 a6 8. Bf1 d6 9. d3 Bd7 10. cxd4 Bxd4 11. Nc3 Nf6 12. Be3 Qb6 13. Qb3 Qxb3 14. axb3 Bxe3 15. Rxe3 e5 16. Rd1 Be6 17. b4 Ke7 18. d4 Rhd8 19. f3 Rac8 20. Kf2 g5 21. Red3 g4 22. dxe5 dxe5 23. Rxd8 Rxd8 24. Rxd8 Kxd8 25. Ke3 gxf3 26. gxf3 b5 27. Bd3 Ke7 28. Bb1 Nd7 29. Ba2 Nb6 30. Bxe6 Kxe6 31. b3 f5 32. f4 fxe4 33. Kxe4 exf4 34. Ne2 Nd5 35. Nd4+ Kd6 36. Nf5+ Ke6 37. Nd4+ Kd6 1/2-1/2

[Event "Smuk Skak GM 2025"]
[Site "Skanderborg"]
[Date "2025.08.16"]
[Round "1.5"]
[White "Kaasen, Tor Fredrik"]
[Black "Kanov, Nikola Krasimirov"]
[Result "1/2-1/2"]
[WhiteElo "2478"]
[BlackElo "2429"]
[WhiteFideId "1516647"]
[BlackFideId "2928531"]
[EventDate "2025.08.16"]
[EventType "tourn"]
[EventRounds "9"]
[EventCountry "DEN"]
[SourceTitle "Live v. Skanderborg Skakklub"]

1. Nf3 c5 2. e4 e6 3. d4 cxd4 4. Nxd4 a6 5. Bd3 Bc5 6. Nb3 Ba7 7. Qg4 Nf6 8. Qg3 d6 9. Nc3 Nc6 10. Be3 Bxe3 11. Qxe3 b5 12. f4 O-O 13. O-O e5 14. f5 Ne7 15. Kh1 Bb7 16. g4 Nxg4 17. Qg5 Nf6 18. Rg1 Ne8 19. a3 Rc8 20. Rg4 Kh8 21. Rag1 Ng8 22. h4 Ngf6 23. R4g3 Rg8 24. Rh3 h6 25. Rg2 Nh7 26. Qh5 Qd7 27. Nd2 Nef6 28. Qf3 g6 29. Nd5 gxf5 30. Nb6 fxe4 31. Nxe4 Qxh3+ 32. Qxh3 Nxe4 33. Kh2 Rxg2+ 34. Qxg2 Rg8 35. Qf3 Nhf6 36. Bxe4 Ng4+ 37. Kg1 Bxe4 38. Qxf7 Bxc2 39. Nd7 e4 40. Kf1 Bd3+ 41. Ke1 e3 42. Qe6 Rc8 43. Nc5 Rxc5 44. Qe8+ Kg7 45. Qd7+ Kh8 46. Qe8+ 1/2-1/2

[Event "Smuk Skak GM 2025"]
[Site "Skanderborg"]
[Date "2025.08.17"]
[Round "2.1"]
[White "Pajeken, Jakob Leon"]
[Black "Korneev, Oleg"]
[Result "1-0"]
[WhiteElo "2443"]
[BlackElo "2452"]
[WhiteFideId "12942839"]
[BlackFideId "4156803"]
[EventDate "2025.08.16"]
[EventType "tourn"]
[EventRounds "9"]
[EventCountry "DEN"]
[SourceTitle "Live v. Skanderborg Skakklub"]

1. e4 c5 2. Nf3 e6 3. d4 cxd4 4. Nxd4 Nc6 5. Nc3 Nf6 6. a3 d6 7. Be3 Be7 8. Qe2 Nxd4 9. Bxd4 e5 10. Be3 O-O 11. O-O-O a6 12. f3 Be6 13. Kb1 Rc8 14. Qe1 Qc7 15. g4 b5 16. g5 Nd7 17. h4 Nc5 18. Rh2 Qb8 19. Nd5 Bxd5 20. Rxd5 Ne6 21. Qd2 Bd8 22. Bh3 Rc6 23. f4 Bb6 24. fxe5 dxe5 25. Bxe6 Rxe6 26. Rh1 Bxe3 27. Qxe3 h5 28. Rf1 Re7 29. Qc5 Rc7 30. Qd6 Rc4 31. Qxb8 Rxb8 32. Rxe5 Rb7 33. c3 Kh7 34. Rd1 Rc6 35. Kc2 Kg6 36. Rdd5 Rbb6 37. Kd3 Rc7 38. Rc5 Rd7+ 39. Rcd5 Rc7 40. Re8 Rcc6 41. Re7 Re6 42. Rxe6+ Rxe6 43. b3 f6 44. c4 bxc4+ 45. bxc4 Rb6 46. c5 Rb3+ 47. Kd4 Rxa3 48. c6 Ra4+ 49. Kc5 Rxe4 50. c7 Re8 51. Kb6 1-0

[Event "Smuk Skak GM 2025"]
[Site "Skanderborg"]
[Date "2025.08.17"]
[Round "2.2"]
[White "Fromm, Marius"]
[Black "Olsen, Filip Boe"]
[Result "0-1"]
[WhiteElo "2407"]
[BlackElo "2441"]
[WhiteFideId "12993190"]
[BlackFideId "1440640"]
[EventDate "2025.08.16"]
[EventType "tourn"]
[EventRounds "9"]
[EventCountry "DEN"]
[SourceTitle "Live v. Skanderborg Skakklub"]

1. e4 e5 2. Nf3 Nf6 3. Nxe5 d6 4. Nd3 Nxe4 5. Qe2 Qe7 6. Nf4 Nc6 7. Nd5 Nd4 8. Nxe7 Nxe2 9. Nd5 Nd4 10. Na3 Ne6 11. f3 N4c5 12. d4 Nd7 13. c3 c6 14. Nf4 Nb6 15. Nc4 Nxc4 16. Bxc4 d5 17. Bd3 Bd6 18. Ne2 a5 19. a4 b6 20. Kf2 Ba6 21. Bxa6 Rxa6 22. g4 Kd7 23. Be3 Rb8 24. Nc1 c5 25. Nd3 c4 26. Ne5+ Bxe5 27. dxe5 Nc5 28. Kg3 Kc6 29. Rhd1 Nd3 30. b3 b5 31. axb5+ Rxb5 32. b4 Nxe5 33. Bd4 f6 34. f4 Nf7 35. Ra2 Rb8 36. Rda1 Rba8 37. bxa5 Nd6 38. Rb1 Nb5 39. Rba1 Nxd4 40. cxd4 Rb8 41. Ra3 Rb2 42. Re3 Kb5 43. Re7 Rxa5 44. Rxa5+ Kxa5 45. Rxg7 c3 46. Rc7 Kb4 47. g5 fxg5 48. f5 Rd2 49. Rb7+ Kc4 50. Rc7+ Kxd4 51. f6 Ra2 52. f7 Ra8 53. Kg4 Kd3 54. Kf5 c2 0-1

[Event "Smuk Skak GM 2025"]
[Site "Skanderborg"]
[Date "2025.08.17"]
[Round "2.3"]
[White "Medhus, Vitus Bondo"]
[Black "Kistrup, Nicolai"]
[Result "0-1"]
[WhiteElo "2328"]
[BlackElo "2365"]
[WhiteFideId "1462547"]
[BlackFideId "1444816"]
[EventDate "2025.08.16"]
[EventType "tourn"]
[EventRounds "9"]
[EventCountry "DEN"]
[SourceTitle "Live v. Skanderborg Skakklub"]

1. e4 c5 2. Nc3 a6 3. f4 b5 4. Nf3 Bb7 5. d4 cxd4 6. Qxd4 e6 7. Bd3 Qc7 8. Qf2 d6 9. a3 Nd7 10. O-O Ngf6 11. h3 Nc5 12. Qe2 Be7 13. Bd2 d5 14. e5 Nfe4 15. Bxe4 Nxe4 16. Nxe4 dxe4 17. Nd4 Bc5 18. Be3 O-O 19. c3 Bd5 20. Qg4 f5 21. exf6 Rxf6 22. Kh1 Raf8 23. Qg5 Bd6 24. f5 Bc4 25. Rf2 Bg3 26. Rd2 h6 27. Qh5 exf5 28. Ne2 Bf7 29. Nxg3 Bxh5 30. Nxh5 R6f7 31. Nf4 Re8 32. Rad1 g5 33. Nd5 Qb8 34. Bd4 Re6 35. c4 bxc4 36. Bc3 e3 37. Nxe3 Rxe3 38. Rd8+ Qxd8 39. Rxd8+ Kh7 40. Rd6 f4 41. Rxa6 f3 42. gxf3 Rfxf3 43. a4 Rxh3+ 44. Kg2 Rhg3+ 45. Kh2 Rh3+ 46. Kg2 Rhg3+ 47. Kh2 Rxc3 48. bxc3 Rxc3 49. Rc6 h5 50. Kg2 h4 51. a5 h3+ 52. Kh2 g4 53. a6 Rc2+ 54. Kg3 Rg2+ 55. Kf4 h2 56. Rc7+ Kg6 57. Rc6+ Kg7 58. Rc7+ Kg6 59. Rc6+ Kh5 60. Rc8 Rf2+ 61. Ke3 Rf6 62. a7 h1=Q 63. a8=Q Qxa8 64. Rxa8 Rf3+ 65. Ke2 Kh4 66. Rc8 c3 67. Rc5 Kg3 68. Rc4 Kh3 69. Rc8 Kg2 70. Rc4 g3 71. Rh4 c2 72. Kd2 Rf2+ 0-1

[Event "Smuk Skak GM 2025"]
[Site "Skanderborg"]
[Date "2025.08.17"]
[Round "2.4"]
[White "Baklan, Vladimir"]
[Black "Kaasen, Tor Fredrik"]
[Result "1/2-1/2"]
[WhiteElo "2554"]
[BlackElo "2478"]
[WhiteFideId "14102196"]
[BlackFideId "1516647"]
[EventDate "2025.08.16"]
[EventType "tourn"]
[EventRounds "9"]
[EventCountry "DEN"]
[SourceTitle "Live v. Skanderborg Skakklub"]

1. e4 e6 2. d4 d5 3. Nd2 c5 4. exd5 Qxd5 5. Ngf3 cxd4 6. Bc4 Qd6 7. O-O Nf6 8. Nb3 Nc6 9. Nbxd4 Nxd4 10. Qxd4 Qxd4 11. Nxd4 Bd7 12. a4 Rc8 13. Bd3 a6 14. Bf4 Bc5 15. Nb3 Bb6 16. Bd6 Bc6 17. a5 Ba7 18. Nd2 Bb8 19. Nc4 Bb5 20. Nb6 Bxd3 21. Nxc8 Bxf1 22. Bxb8 O-O 23. Nb6 Bb5 24. Be5 Nd7 25. Bc7 Nxb6 26. axb6 Re8 27. Rd1 e5 28. b3 e4 29. c4 Bc6 30. Rd6 Re6 31. Rxe6 fxe6 32. Kf1 Kf7 33. Be5 h5 34. h3 g6 35. Ke2 Ke8 36. Ke3 Ke7 37. g3 Ke8 38. Kf4 Ke7 39. Bc3 Ke8 40. Ke5 Ke7 41. h4 e3 42. fxe3 Bf3 43. e4 Kd7 44. b4 Bg2 45. Bd2 Bf3 46. Bf4 1/2-1/2

[Event "Smuk Skak GM 2025"]
[Site "Skanderborg"]
[Date "2025.08.17"]
[Round "2.5"]
[White "Ochsner, Bjorn Moller"]
[Black "Kanov, Nikola Krasimirov"]
[Result "0-1"]
[WhiteElo "2476"]
[BlackElo "2429"]
[WhiteFideId "1416928"]
[BlackFideId "2928531"]
[EventDate "2025.08.16"]
[EventType "tourn"]
[EventRounds "9"]
[EventCountry "DEN"]
[SourceTitle "Live v. Skanderborg Skakklub"]

1. e4 c5 2. Nf3 e6 3. c3 Nf6 4. e5 Nd5 5. Bc4 d6 6. d4 cxd4 7. cxd4 Be7 8. O-O O-O 9. Qe2 Nd7 10. Rd1 N7b6 11. Bb3 Bd7 12. Nc3 Bc6 13. Ne4 dxe5 14. dxe5 Ba4 15. h4 Bxb3 16. axb3 Qc7 17. Bg5 Rfc8 18. Bxe7 Qxe7 19. Nd6 Rd8 20. Qe4 h6 21. Qg4 Nd7 22. Ne4 Nc5 23. Nfd2 f5 24. exf6 Nxf6 25. Nxf6+ Qxf6 26. Ne4 Nxe4 27. Qxe4 Qxb2 28. Qxe6+ Kh8 29. Rxd8+ Rxd8 30. Re1 Rf8 31. Qe3 a5 32. Rd1 b5 33. Qc5 Qf6 34. Rd6 Qf4 35. Rc6 Re8 36. Rc8 Qe4 37. Rxe8+ Qxe8 38. h5 a4 39. bxa4 bxa4 0-1

[Event "Smuk Skak GM 2025"]
[Site "Skanderborg"]
[Date "2025.08.18 "]
[Round "3.1"]
[White "Olsen, Filip Boe"]
[Black "Pajeken, Jakob Leon"]
[Result "1-0"]
[WhiteElo "2441"]
[BlackElo "2443"]
[WhiteFideId "1440640"]
[BlackFideId "12942839"]
[EventDate "2025.08.16"]
[EventType "tourn"]
[EventRounds "9"]
[EventCountry "DEN"]
[SourceTitle "Live v. Skanderborg Skakklub"]

1. e4 c5 2. Nf3 e6 3. d4 cxd4 4. Nxd4 a6 5. c4 Nf6 6. Nc3 Bb4 7. Qd3 d6 8. Nc2 Bxc3+ 9. Qxc3 O-O 10. Bd3 d5 11. exd5 exd5 12. O-O dxc4 13. Bxc4 Nc6 14. Bf4 Nd5 15. Qf3 Nxf4 16. Qxf4 Qa5 17. Rad1 Qf5 18. Qxf5 Bxf5 19. Ne3 Bg6 20. Bd5 a5 21. Bxc6 bxc6 22. Rd6 Rfb8 23. Rfd1 f5 24. R1d2 f4 25. Nc4 Bf7 26. Rxc6 Rc8 27. Ne5 Bxa2 28. h4 Rxc6 29. Nxc6 a4 30. f3 h6 31. Rd4 g5 32. Rd6 Kg7 33. Rd7+ Kf6 34. Rd6+ Kg7 35. Nd4 Ra5 36. Rb6 Bf7 37. Rb7 Kf6 38. Rb6+ Kg7 39. Kh2 gxh4 40. Rb4 h3 41. Kxh3 Rh5+ 42. Kg4 Rg5+ 43. Kxf4 Rxg2 44. Nf5+ Kh8 45. Rb8+ Rg8 46. Rxg8+ Bxg8 47. Nxh6 Bb3 48. Nf5 Kg8 49. Nd6 Kf8 50. Ke5 Ke7 51. Nf5+ Kd7 52. f4 Ba2 53. Nd4 Bc4 54. f5 Bd3 55. Kd5 Ke7 56. Ke5 Kd7 57. f6 Bc4 58. Nf5 Bb3 59. Nd6 Kc6 60. Ne4 Bg8 61. Nc3 a3 62. bxa3 Kc5 63. Kf5 Kc4 64. a4 1-0

[Event "Smuk Skak GM 2025"]
[Site "Skanderborg"]
[Date "2025.08.18 "]
[Round "3.2"]
[White "Kistrup, Nicolai"]
[Black "Fromm, Marius"]
[Result "0-1"]
[WhiteElo "2365"]
[BlackElo "2407"]
[WhiteFideId "1444816"]
[BlackFideId "12993190"]
[EventDate "2025.08.16"]
[EventType "tourn"]
[EventRounds "9"]
[EventCountry "DEN"]
[SourceTitle "Live v. Skanderborg Skakklub"]

1. e4 c5 2. Nf3 Nc6 3. Bb5 e6 4. O-O Nge7 5. Re1 a6 6. Bf1 b6 7. d3 Bb7 8. Nbd2 d5 9. c3 h6 10. g3 d4 11. e5 dxc3 12. bxc3 Nd5 13. Ne4 Be7 14. c4 Nc7 15. Rb1 b5 16. h4 Rb8 17. Bf4 O-O 18. Qd2 bxc4 19. dxc4 Qxd2 20. Bxd2 Rfd8 21. Bg2 Nb4 22. Nxc5 Bxf3 23. Bxb4 Rxb4 24. Rxb4 Bxc5 25. Rb2 Bxg2 26. Kxg2 f6 27. exf6 gxf6 28. Rb7 Rc8 29. Rd1 e5 30. Rdb1 Kf7 31. Rb8 Rxb8 32. Rxb8 Be7 33. Kf3 Ne6 34. Ke4 Nc5+ 35. Kd5 Nd3 36. Kc6 Nxf2 37. Kb6 e4 38. c5 e3 39. c6 Bd6 40. Rb7+ Kf8 41. c7 Bxc7+ 42. Rxc7 e2 43. Rc8+ Ke7 44. Rc7+ Kd8 0-1

[Event "Smuk Skak GM 2025"]
[Site "Skanderborg"]
[Date "2025.08.18 "]
[Round "3.3"]
[White "Kaasen, Tor Fredrik"]
[Black "Medhus, Vitus Bondo"]
[Result "1-0"]
[WhiteElo "2478"]
[BlackElo "2328"]
[WhiteFideId "1516647"]
[BlackFideId "1462547"]
[EventDate "2025.08.16"]
[EventType "tourn"]
[EventRounds "9"]
[EventCountry "DEN"]
[SourceTitle "Live v. Skanderborg Skakklub"]

1. e4 e5 2. Nf3 Nc6 3. Bb5 Nf6 4. O-O Nxe4 5. Re1 Nd6 6. Nxe5 Be7 7. Bf1 Nxe5 8. Rxe5 O-O 9. d4 Bf6 10. Re2 b6 11. Re1 Bb7 12. a4 Re8 13. Rxe8+ Qxe8 14. a5 Qe4 15. a6 Bc6 16. Be3 Nf5 17. Nc3 Nxe3 18. Nxe4 Nxd1 19. Nxf6+ gxf6 20. Rxd1 d6 21. f3 Re8 22. Kf2 Kg7 23. Kg3 Bd7 24. d5 Bf5 25. Kf4 Bd7 26. b4 b5 27. c4 bxc4 28. Bxc4 Rb8 29. b5 Kf8 30. Bd3 Ke7 31. Re1+ Kf8 32. Rc1 Rc8 33. g4 h6 34. Bf5 Bxf5 35. Kxf5 Kg7 36. b6 axb6 37. a7 b5 38. Rxc7 Ra8 39. Ke4 Kg6 40. Kd4 Kg5 41. Rxf7 Rc8 42. Rc7 Ra8 43. h3 f5 44. Kc3 fxg4 45. fxg4 Kh4 46. Kb4 Kxh3 47. Rg7 Kg3 48. Kxb5 Kf4 49. Kc6 Ke5 50. Kb7 1-0

[Event "Smuk Skak GM 2025"]
[Site "Skanderborg"]
[Date "2025.08.18 "]
[Round "3.4"]
[White "Kanov, Nikola Krasimirov"]
[Black "Baklan, Vladimir"]
[Result "1/2-1/2"]
[WhiteElo "2429"]
[BlackElo "2554"]
[WhiteFideId "2928531"]
[BlackFideId "14102196"]
[EventDate "2025.08.16"]
[EventType "tourn"]
[EventRounds "9"]
[EventCountry "DEN"]
[SourceTitle "Live v. Skanderborg Skakklub"]

1. e4 e5 2. Nf3 Nc6 3. Bc4 Nf6 4. d3 Be7 5. O-O O-O 6. h3 d6 7. a4 Be6 8. Bxe6 fxe6 9. c3 d5 10. Nbd2 a6 11. Re1 Nd7 12. b4 d4 13. cxd4 Bxb4 14. d5 exd5 15. exd5 Nd4 16. Nxd4 exd4 17. Qb3 a5 18. Re2 Kh8 19. Ne4 Nf6 20. Nxf6 Qxf6 21. Raa2 Rad8 22. Rac2 Qf7 23. Qc4 Rxd5 24. Qxc7 Qxc7 25. Rxc7 Rc5 26. Rxc5 Bxc5 27. Bd2 b6 28. Kf1 Kg8 29. Ke1 Kf7 30. Kd1 Rc8 31. Be1 Ba3 32. Rc2 Bc5 33. Re2 Ba3 34. Rc2 Bc5 35. Re2 b5 1/2-1/2

[Event "Smuk Skak GM 2025"]
[Site "Skanderborg"]
[Date "2025.08.18 "]
[Round "3.5"]
[White "Korneev, Oleg"]
[Black "Ochsner, Bjorn Moller"]
[Result "1/2-1/2"]
[WhiteElo "2452"]
[BlackElo "2476"]
[WhiteFideId "4156803"]
[BlackFideId "1416928"]
[EventDate "2025.08.16"]
[EventType "tourn"]
[EventRounds "9"]
[EventCountry "DEN"]
[SourceTitle "Live v. Skanderborg Skakklub"]

1. e4 c5 2. c3 Nf6 3. e5 Nd5 4. d4 cxd4 5. Nf3 e6 6. cxd4 d6 7. Bc4 Nc6 8. O-O Be7 9. Qe2 O-O 10. Rd1 Na5 11. b3 b6 12. Bxd5 exd5 13. Ba3 Be6 14. Nc3 Nb7 15. Nb5 a6 16. exd6 Nxd6 17. Nxd6 Bxd6 18. Bxd6 Qxd6 19. Qe5 Qd7 20. Rac1 Rfc8 21. h3 a5 22. Qf4 f6 23. Nd2 Rc6 24. Nf1 Rac8 25. Re1 Qc7 26. Qxc7 R8xc7 27. Rxc6 Rxc6 28. Ne3 g5 29. g4 b5 30. Kf1 b4 31. Ke2 Kf7 32. Kd2 Kg6 33. Rc1 Rxc1 34. Kxc1 f5 35. f3 f4 36. Nf1 Bd7 37. Nd2 Kf6 38. Kc2 Ke7 39. Kc1 Kd6 40. Kc2 Kc7 41. Kc1 Kb6 42. Kc2 Bb5 43. Kc1 Bd3 44. Kb2 Kb5 45. Kc1 a4 46. Kb2 a3+ 47. Kc1 Kb6 48. Kd1 Kb5 1/2-1/2

[Event "Smuk Skak GM 2025"]
[Site "Skanderborg"]
[Date "2025.08.19"]
[Round "4.1"]
[White "Pajeken, Jakob Leon"]
[Black "Kistrup, Nicolai"]
[Result "1-0"]
[WhiteElo "2443"]
[BlackElo "2365"]
[WhiteFideId "12942839"]
[BlackFideId "1444816"]
[EventDate "2025.08.16"]
[EventType "tourn"]
[EventRounds "9"]
[EventCountry "DEN"]
[SourceTitle "Live v. Skanderborg Skakklub"]

1. c4 c5 2. Nf3 Nf6 3. Nc3 Nc6 4. g3 d5 5. cxd5 Nxd5 6. Bg2 Nc7 7. a3 g6 8. h4 Bg4 9. Qb3 Bg7 10. Qxb7 Qd7 11. Nb5 Rc8 12. Nxa7 Nxa7 13. Qxa7 Qc6 14. O-O Bh3 15. d4 Bxg2 16. Kxg2 cxd4 17. Bf4 Ne6 18. Bg5 O-O 19. Rac1 Qe4 20. Qa6 Rc2 21. Bxe7 Re8 22. Rxc2 Qxc2 23. Bd6 Qxb2 24. Qd3 Rc8 25. Rb1 Qa2 26. Qa6 Rd8 27. Rc1 Qd5 28. Rc8 Bf6 29. Rxd8+ Nxd8 30. Bb4 Ne6 31. Kg1 Kg7 32. Qd3 Qb7 33. Nd2 h5 34. Qe4 Qb5 35. Nf3 Qc4 36. Kg2 Qb3 37. Ne1 Qc4 38. Nd3 Qa2 39. Nc5 Nxc5 40. Bxc5 Qc4 41. Bb4 Qa2 42. Qf3 Qe6 43. Kg1 Qa6 44. Qd3 Qc6 45. Kh2 Be5 46. Bd2 Qa4 47. Bc1 Kg8 48. Bb2 Bg7 49. e3 dxe3 50. Bxg7 Kxg7 51. Qxe3 Kg8 52. Qc3 Qa7 53. Kg1 Qa4 54. Qb4 Qd1+ 55. Kh2 Qf3 56. Qb8+ Kh7 57. Qa7 Kg8 58. a4 f6 59. Qc5 Kf7 60. a5 g5 61. Qc4+ Kg7 62. Kg1 Qd1+ 63. Kg2 gxh4 64. gxh4 Qd8 65. a6 Qa8+ 66. Kg1 Qb8 67. Qe4 Kh6 68. Qe3+ Kh7 69. a7 Qb7 70. Qa3 Qa8 71. Qa6 Kg7 72. Qa2 Kg6 73. Qb1+ 1-0

[Event "Smuk Skak GM 2025"]
[Site "Skanderborg"]
[Date "2025.08.19"]
[Round "4.2"]
[White "Korneev, Oleg"]
[Black "Olsen, Filip Boe"]
[Result "1-0"]
[WhiteElo "2452"]
[BlackElo "2441"]
[WhiteFideId "4156803"]
[BlackFideId "1440640"]
[EventDate "2025.08.16"]
[EventType "tourn"]
[EventRounds "9"]
[EventCountry "DEN"]
[SourceTitle "Live v. Skanderborg Skakklub"]

1. e4 c5 2. Nf3 d6 3. Bb5+ Nc6 4. O-O Bd7 5. Re1 a6 6. Bf1 e5 7. c3 Be7 8. d4 cxd4 9. cxd4 Bg4 10. d5 Nd4 11. Be3 Nxf3+ 12. gxf3 Bd7 13. f4 Bf6 14. Nc3 Ne7 15. fxe5 Bxe5 16. f4 Bf6 17. e5 dxe5 18. fxe5 Bxe5 19. Bc5 Qc7 20. Bxe7 Kxe7 21. d6+ Qxd6 22. Qxd6+ Kxd6 23. Rad1+ Kc7 24. Nd5+ Kc6 25. Rxe5 Rae8 26. Rxe8 Bxe8 27. Bg2 Kd6 28. Nc3+ Kc7 29. Re1 Bc6 30. Re7+ Kd6 31. Rxf7 Rg8 32. Bxc6 Kxc6 33. Kf2 h5 34. Ne4 a5 35. h4 b5 36. Ke3 a4 37. a3 g6 38. Rf6+ Kd5 39. Rd6+ Kc4 40. Rd3 Rb8 41. b3+ axb3 42. Rd4# 1-0

[Event "Smuk Skak GM 2025"]
[Site "Skanderborg"]
[Date "2025.08.19"]
[Round "4.3"]
[White "Fromm, Marius"]
[Black "Kaasen, Tor Fredrik"]
[Result "1-0"]
[WhiteElo "2407"]
[BlackElo "2478"]
[WhiteFideId "12993190"]
[BlackFideId "1516647"]
[EventDate "2025.08.16"]
[EventType "tourn"]
[EventRounds "9"]
[EventCountry "DEN"]
[SourceTitle "Live v. Skanderborg Skakklub"]

1. e4 e5 2. Nf3 Nc6 3. Bc4 Bc5 4. d3 Nf6 5. Nc3 h6 6. Be3 Bxe3 7. fxe3 d6 8. a3 O-O 9. Qe2 a6 10. h3 b5 11. Ba2 Rb8 12. O-O a5 13. Kh2 Be6 14. Nd5 Bxd5 15. exd5 Ne7 16. e4 Ng6 17. g3 Qe7 18. Ne1 b4 19. a4 Nd7 20. Ng2 Nc5 21. Bc4 Nh8 22. Ne3 g6 23. Ng4 Kg7 24. Qd2 Qg5 25. Qxg5 hxg5 26. Nf6 Rfc8 27. b3 c6 28. Rf2 cxd5 29. Nxd5 Rd8 30. Raf1 Rb7 31. Ne3 Ne6 32. Bxe6 fxe6 33. Nc4 Rc7 34. Rf6 d5 35. exd5 exd5 36. Ne3 Nf7 37. Ra6 e4 38. d4 Nd6 39. Rxa5 Nf5 40. Nxf5+ gxf5 41. Rxf5 Rxc2+ 42. Kg1 e3 43. Ra7+ Kg6 44. Re5 Rf8 45. Re6+ Rf6 46. Rxf6+ Kxf6 47. Kf1 Rb2 48. g4 e2+ 49. Ke1 Rxb3 50. Rb7 Rb2 51. a5 Ra2 52. Rxb4 Rxa5 53. Rb6+ Kf7 54. Rd6 Ra1+ 55. Kxe2 Ra2+ 56. Ke1 Ra3 57. Rxd5 Kg6 58. Rd6+ Kf7 59. Rd5 Kg6 60. Ke2 Rxh3 61. Re5 Rg3 62. Re4 Kf6 63. d5 Ra3 64. Re6+ Kf7 65. Re5 Kf6 66. Rf5+ Kg6 67. d6 Ra8 68. d7 Rd8 69. Rd5 Kf6 70. Ke3 Ke7 71. Ke4 Ke6 72. Rd1 Kf6 73. Rd6+ Kf7 74. Ke5 Ke7 75. Re6+ Kf7 76. Kd6 Ra8 77. Re7+ Kf8 78. Rh7 Kg8 79. Re7 Kf8 80. Re5 Kf7 81. Rf5+ 1-0

[Event "Smuk Skak GM 2025"]
[Site "Skanderborg"]
[Date "2025.08.19"]
[Round "4.4"]
[White "Medhus, Vitus Bondo"]
[Black "Kanov, Nikola Krasimirov"]
[Result "0-1"]
[WhiteElo "2328"]
[BlackElo "2429"]
[WhiteFideId "1462547"]
[BlackFideId "2928531"]
[EventDate "2025.08.16"]
[EventType "tourn"]
[EventRounds "9"]
[EventCountry "DEN"]
[SourceTitle "Live v. Skanderborg Skakklub"]

1. e4 c5 2. Nc3 e6 3. Nge2 Nc6 4. g3 Nf6 5. Bg2 d5 6. exd5 exd5 7. d4 cxd4 8. Nxd4 Bg4 9. Nde2 Bb4 10. O-O Bxc3 11. bxc3 O-O 12. h3 Bxe2 13. Qxe2 Re8 14. Qb5 h6 15. Qxb7 Na5 16. Qa6 Nc4 17. Bf4 Re6 18. Qb5 g5 19. Be3 Nxe3 20. fxe3 Rc8 21. Rad1 Rxc3 22. e4 Rxc2 23. exd5 Rb6 24. Qd3 Rbb2 25. Bh1 Qd6 26. Rf3 Nd7 27. Re3 Ne5 28. Qd4 Re2 29. Rxe2 Rxe2 30. Qxa7 Nc4 31. Rd3 Qb4 32. Rd1 Ne3 33. Qd4 Qd6 0-1